000 00615nam a2200121Ia 4500
003 GCL
008 140319s9999 xx 000 0 ara d
040 _aGCL /
_cGCL
082 0 4 _a301.363
_bم م
245 1 0 _aالمدينة والبيئة دور البلديات فى حماية البيئة بالمدن العربية اعمال وابحاث الندوة التى عقدت فى الكويت فى الفترة من 9 الى 16 صفر 1402 هـ الموافق للفترة من 5 الى 12 ديسمبر 1981 م بالتعاون بين جمعية حماية البيئة بالكويت
300 _a409 ص
490 _a
999 _c37944
_d37944